000 00308nam a22001217a 4500
008 170619b xxu||||| |||| 00| 0 eng d
041 _aeng
080 _a32
100 _a20
101 _aSHP
245 _aARABS IN THE JEWISH STATE ISRAEL CONTROL A NATIONAL MINORITY
_cLUSTICK.I
942 _2udc
_cBK
999 _c17987
_d17987